| 000 | 01132nam1a2200337 4500 | ||
|---|---|---|---|
| 001 | RU\NLR\bibl\1432710 | ||
| 005 | 20230203164416.0 | ||
| 010 | _a978-5-9691-0444-0 | ||
| 035 | _a(NLR Aleph) 001424614 | ||
| 090 |
_a1364232 _c1364232 |
||
| 100 | _a20091102d2009 u y0rusy50 ca | ||
| 101 | 0 | _arus | |
| 102 | _aRU | ||
| 105 | _a||||z ||||| | ||
| 200 | 1 |
_aСобрание сочинений _e[в 3 т.] _fНиколай Васильевич Гоголь _g[сост., лит. о жизни и соч. Гоголя Андрей Немзер] |
|
| 210 |
_aМосква _cВремя _d2009 |
||
| 215 | _d21 | ||
| 463 | 0 | _10011421904 | |
| 463 | 0 | _10011423881 | |
| 463 | 0 | _10011423784 | |
| 686 | _aШ6(2=Р)51я44 | ||
| 700 | 1 |
_4070 _7ca _8rus _aГоголь _bН. В. _f1809-1852 _gНиколай Васильевич _9113476 _3RU\NLR\AUTH\773480 |
|
| 702 | 1 |
_aНемзер _bА. С. _f1957- _gАндрей Семенович _4220 |
|
| 801 | 0 |
_aRU _bNLR _c20091102 _gRCR |
|
| 801 | 1 |
_aRU _bNLR _c20091102 |
|
| 852 |
_aNLR _j2009-3/31709 |
||
| 942 | _cBOOK | ||
| 980 | _aNB | ||